000 00775nam a2200265Ia 4500
003 OSt
005 20220930083408.0
006 a|||||r|||| 00| 0
007 ta
008 220926b |||||||| |||| 00| 0 hin d
024 _a75509
037 _cTheses
040 _aCRL
_cCRL
_bhin
041 _2hin
_ahin
100 _aAggarwal Rekha
_9534707
110 _aUniversity of Meerut. Faculty of Arts. Department of Hindi
245 0 _aDinkar kavya mein vimb vidhan
260 _c1986
300 _a349p.
_ap.
_ccm.
650 _aHINDI LITERATURE
_923866
700 _a Dr. Susheela Sharma Gu.
_9534708
700 _aUniversity of Meerut. Faculty of Arts. Department of Hindi
942 _cDIS
_2CC
999 _c875277
_d875277